Normal view MARC view
  • Preuve (Droit)

Entry Topical Term

Number of records used in: 1

001 - CONTROL NUMBER

  • control field: 129373

003 - CONTROL NUMBER IDENTIFIER

  • control field: NUST

005 - DATE AND TIME OF LATEST TRANSACTION

  • control field: 20250703085032.0

008 - FIXED-LENGTH DATA ELEMENTS

  • fixed length control field: 250703|| aca||aabn | a|a d

040 ## - CATALOGING SOURCE

  • Original cataloging agency: NUST
  • Transcribing agency: NUST

150 ## - HEADING--TOPICAL TERM

  • Topical term or geographic name entry element: Preuve (Droit)
  • Geographic subdivision: Grande-Bretagne

670 ## - SOURCE DATA FOUND

  • Source citation: Work cat.: (NUST)0: Phipson on evidence /
© 2023 Central Library, National University of Sciences and Technology. All Rights Reserved.